000 00461nam a2200169Ia 4500
003 GCL
008 140319s9999 xx 000 0 eng d
040 _aGCL /
_cGCL
082 0 4 _a741.2
_bR D
100 1 _aROBERTSON, BRUCE
245 1 0 _aDESSINEZ: LES PAYSAGES ET LES SCENES DU RUES /
_cROBERTSON, BRUCE
260 _a[S.N] :
_bJACOUS GRANCHER ،
_c1987
650 0 4 _aDRAWING TECHNIQUE
650 0 4 _aDRAWING WORKBOOK
650 0 4 _aOBJECTS
942 _2ddc
_cBK
999 _c22378
_d22378